000 00647nam a22002057a 4500
999 _c442401
_d442401
003 UA-OsUOA
005 20191003101108.0
008 191003b un ||||| |||| 00| 0 ukr d
040 _aUA-OsUOA
_bukr
_cUA-OsUOA
_dUA-OsUOA
041 _aukr
080 _a52
090 _a52
_bВ75
100 _aВоронцов - Вельяминов Б. А.
245 _aОчерки о Вселенной
_cБ. А. Воронцов - Вельяминов ; ред. С. Куликов
250 _aизд. седьмое, перераб. и доп.
260 _aМосква
_bНаука
_c1975
300 _a720 с.
942 _2udc
_cBK
955 _a4